| 000 | 01127cam a22003015a 4500 | ||
|---|---|---|---|
| 001 | 11961733 | ||
| 005 | 20171228113931.0 | ||
| 008 | 000403t2001 nyua frbf 001 0 eng d | ||
| 020 | _a0814404901 | ||
| 020 | _a9780814404904 | ||
| 040 |
_aDLC _cDLC _dDLC _dEG-ScBUE _beng |
||
| 082 | 0 | 4 |
_a658.3124 _222 _bKIN |
| 100 | 1 | _aKing, Stephen B. | |
| 245 | 1 | 4 |
_aThe complete guide to training delivery : _ba competency-based approach / _cStephen B. King, Marsha King, William J. Rothwell ; with a foreword by William C. Byham. |
| 260 |
_aNew York : _bAMACOM, _cc.2001. |
||
| 300 |
_axvi, 495 p. : _bill. ; _c27 cm. |
||
| 504 | _aIncludes bibliographical references and index. | ||
| 650 | 7 |
_aTraining _vHandbooks, manuals, etc. _2BUEsh |
|
| 650 | 7 |
_aEmployees _xTraining of _vHandbooks, manuals, etc. _2BUEsh |
|
| 650 | 7 |
_aCompetency based education _vHandbooks, manuals, etc. _2BUEsh |
|
| 651 | _2BUEsh | ||
| 653 |
_bGGEN _cDecember2017 |
||
| 655 |
_vReading book _934232 |
||
| 700 | 1 |
_aKing, Marsha, _cPh. D. |
|
| 700 | 1 |
_aRothwell, William J., _d1951- |
|
| 700 | 1 |
_aByham, William C., _eauthor of introduction, etc. |
|
| 942 | _2ddc | ||
| 999 |
_c25827 _d25799 |
||